=LDR 00000nam 2200000 4500 =001 INLIS000000000029842 =005 20130612132036 =008 ***********************************Ind** =035 ##$$0010-061300000029842 =041 ##$$a Ind =082 ##$$a 342.066 =090 ##$$a 342.066, Bel p =100 ##$$a Belinfante, AD =245 ##$$a Pokok-pokok Hukum tata usaha negara, AD. Belianfante =260 ##$$a 1983 $b Jakarta =300 ##$$a ix,173 hlm, 22 cm =650 ##$$a Hukum Tata Usaha Negara =850 ##$$a NBPNMAT